Stolice Europy po zdjęciu - Statystyki

Ogólne statystyki
  • Ten quiz został rozwiązany 63 razy
  • Średni wynik to 26 z 45
Statystyki odpowiedzi
Obrazkowy Odpowiedź % Poprawnych
Ateny
98%
Londyn
98%
Moskwa
98%
Rzym
98%
Berlin
96%
Paryż
90%
Warszawa
90%
Amsterdam
78%
Lizbona
76%
Budapeszt
75%
Kopenhaga
75%
Kijów
73%
Madryt
71%
Watykan
71%
Sztokholm
69%
Praga
67%
Bratysława
65%
Oslo
65%
Bukareszt
63%
Wiedeń
63%
Monako
61%
Sofia
59%
Ryga
57%
Mińsk
55%
Wilno
55%
Helsinki
53%
Andora
51%
San Marino
51%
Dublin
49%
Zagrzeb
49%
Lublana
47%
Luksemburg
45%
Belgrad
43%
Bruksela
43%
Vaduz
41%
Berno
39%
Tirana
39%
Sarajewo
35%
Kiszyniów
33%
Podgorica
33%
Prisztina
27%
Skopje
27%
Talinn
22%
Rejkiawik
14%
Walletta
14%
Nie znaleziono quizów pasujących do podanych kryteriów
Rozkład punktacji
Procent ludzi z każdym wynikiem
Percentyl według liczby udzielonych odpowiedzi
Twoja historia wyników
Nie rozwiązałeś tego quizu